Normal view
MARC view
- NBF
Entry Personal Name
001 - CONTROL NUMBER
- control field: 46525
003 - CONTROL NUMBER IDENTIFIER
- control field: NUST
005 - DATE AND TIME OF LATEST TRANSACTION
- control field: 20210314133538.0
008 - FIXED-LENGTH DATA ELEMENTS
- fixed length control field: 210314|| aca||aabn | a|a d
040 ## - CATALOGING SOURCE
- Original cataloging agency: NUST
- Transcribing agency: NUST
100 ## - HEADING--PERSONAL NAME
- Personal name: NBF
670 ## - SOURCE DATA FOUND
- Source citation: Work cat.: (NUST): NBF, The book of the International Symposium on the 1973 October War, Cairo, 28-31 October 1975 :, 1976-
